[Event "4th London Classic Open"]
[Site "London ENG"]
[Date "2012.12.07"]
[Round "7"]
[White "Kocwin,B"]
[Black "Duncan,P"]
[Result "1-0"]
[WhiteTitle "FM"]
[WhiteElo "2226"]
[BlackElo "2071"]
[WhiteFideId "1107402"]
[BlackFideId "405787"]
[EventDate "2012.12.01"]

1. d4 Nf6 2. c4 e6 3. Nc3 Bb4 4. Qc2 O-O 5. Nf3 c5 6. dxc5 Bxc5 7. Bg5 Be7 8. e4
d6 9. Rd1 Ne8 10. Bxe7 Qxe7 11. Be2 Nd7 12. O-O b6 13. Rd2 Bb7 14. Rfd1 a6 15.
e5 f6 16. exd6 Qf7 17. b4 Rc8 18. Qb3 g6 19. c5 bxc5 20. Bc4 Ng7 21. Nd5 exd5
22. Rxd5 cxb4 23. R5d4 Rxc4 24. Qxc4 Ne6 25. R4d2 Rb8 26. Nd4 Nef8 27. Qc7 Qd5
28. Nf3 Qb5 29. Qc2 Rc8 30. Qb2 Bxf3 31. Qb3+ Qc4 32. Qxf3 Re8 33. h3 Kg7 34.
Qb7 a5 35. Qc7 Qb5 36. Rd5 Qa4 37. Qxa5 Qxa5 38. Rxa5 Re2 39. Rb1 Re4 40. Ra4
Rd4 41. Raxb4 Rxd6 42. Rb7 Kf7 43. Re1 Rb6 44. Ra7 Re6 45. Rc1 Ke7 46. a4 Re2
47. Rc8 Kd6 48. a5 Ra2 49. Ra6+ Ke7 50. Raa8 Ne6 51. Re8+ Kf7 52. Rec8 Ke7 53.
Ra7 Kd6 54. Ra6+ Ke7 55. Ra7 Kd6 56. a6 Nec5 57. Rd8 Kc6 58. h4 h5 59. f4 Kd6
60. Raa8 Rxa6 61. Rxa6+ Nxa6 62. f5 gxf5 63. Rh8 Ke7 64. Rxh5 Nac5 65. Rxf5 Ne6
66. Ra5 Kf7 67. Ra7 Nf8 68. g4 Kg6 69. Kf2 Kh6 70. Kg3 Kg6 71. Ra6 Kg7 72. h5
Ne5 73. Kf4 Nf7 74. Ra7 Nh7 75. Kf5 Kg8 76. Rc7 Nfg5 77. h6 Nf7 78. Rc8+ Nf8 79.
h7+ Kg7 80. Rxf8 Kxf8 81. Kxf6 Nh8 82. g5 Nf7 83. g6 Nh8 1-0

[Event "4th London Classic Open"]
[Site "London ENG"]
[Date "2012.12.07"]
[Round "7"]
[White "Hebbes,T"]
[Black "Anderton,M"]
[Result "1/2-1/2"]
[WhiteElo "2111"]
[BlackElo "2210"]
[WhiteFideId "406570"]
[BlackFideId "403237"]
[EventDate "2012.12.01"]

1. d4 Nf6 2. c4 e6 3. Nf3 c5 4. e3 g6 5. Nc3 Bg7 6. Bd3 O-O 7. O-O b6 8. dxc5
bxc5 9. Ne4 Qc7 10. Rb1 Bb7 11. Qc2 Nc6 12. a3 Nxe4 13. Bxe4 Rab8 14. b3 Na5 15.
Bxb7 Rxb7 16. Rd1 Rfb8 17. Rd3 d5 18. Nd2 d4 19. exd4 cxd4 20. b4 Nc6 21. Rdb3
Ne5 22. c5 d3 23. Qd1 Qd7 24. Bb2 Qd5 25. Bxe5 Bxe5 26. Nf3 Bc7 27. Qxd3 Qc6 28.
Qc4 a6 29. h3 Qa4 30. Ng5 Bd8 31. Ne4 Be7 32. c6 Rc7 33. Rc3 Rb6 34. Qd4 Rbxc6
35. Rbc1 Rxc3 36. Qxc3 Qd1+ 1/2-1/2

[Event "4th London Classic Open"]
[Site "London ENG"]
[Date "2012.12.07"]
[Round "7"]
[White "Cannon,Ri"]
[Black "Dukaczewski,P"]
[Result "0-1"]
[BlackTitle "IM"]
[WhiteElo "2071"]
[BlackElo "2274"]
[WhiteFideId "408670"]
[BlackFideId "1103520"]
[EventDate "2012.12.01"]

1. e4 c5 2. Nf3 Nc6 3. d4 cxd4 4. Nxd4 Nf6 5. Nc3 e5 6. Ndb5 d6 7. Nd5 Nxd5 8.
exd5 Nb8 9. c4 Be7 10. Be2 O-O 11. Be3 a6 12. Nc3 f5 13. f4 Bh4+ 14. g3 Bf6 15.
Qd2 Nd7 16. O-O Kh8 17. Kh1 g6 18. b4 b6 19. Rac1 Bb7 20. Bf3 Re8 21. Qf2 Rc8
22. Na4 b5 23. cxb5 axb5 24. Rxc8 Qxc8 25. Rc1 Qa8 26. Nc3 exf4 27. Bxf4 g5 28.
Bxd6 Qa3 29. Ne2 Rxe2 30. Rc8+ Bxc8 31. Qxe2 Qc1+ 32. Kg2 Qb2 33. Qxb2 Bxb2 34.
Be2 Bb7 35. Bxb5 Bxd5+ 36. Kf2 Bd4+ 37. Ke2 Ne5 38. a4 Kg7 39. a5 Kf6 40. a6 Ke6
41. Bb8 Nc6 42. Kd3 Bb6 43. Bxc6 Bxc6 44. Kc4 Kd7 45. Be5 Kc8 46. Bd6 Bg1 47. h4
gxh4 48. gxh4 Bf2 49. b5 Bf3 50. Kd3 Bg2 51. Ke2 Bb6 52. Bf4 Be4 53. Bg3 Bc2 54.
Kf3 Bd3 55. Be1 Bxb5 56. Kf4 Bd3 57. Bd2 Bc7+ 58. Kg5 Bd8+ 59. Kh6 Bxh4 60. Bf4
Bxa6 61. Kxh7 Kd7 62. Kg6 Ke6 63. Kh5 Bf6 64. Kg6 Be5 0-1

[Event "4th London Classic Open"]
[Site "London ENG"]
[Date "2012.12.07"]
[Round "7"]
[White "Roe,S"]
[Black "Bass,J"]
[Result "1-0"]
[WhiteElo "2265"]
[BlackElo "2065"]
[WhiteFideId "401471"]
[BlackFideId "407925"]
[EventDate "2012.12.01"]

1. c4 e5 2. Nc3 Nf6 3. Nf3 Nc6 4. g3 d5 5. cxd5 Nxd5 6. Bg2 Nb6 7. d3 Be7 8. O-O
O-O 9. Be3 Be6 10. a3 f6 11. Rc1 Nd5 12. Nxd5 Bxd5 13. Qc2 Qd7 14. Rfd1 Rac8 15.
Qa4 Rfd8 16. Nd2 Bxg2 17. Kxg2 Nd4 18. Qxd7 Rxd7 19. Kf1 c6 20. Ne4 a6 21. Nc5
Bxc5 22. Rxc5 Rcd8 23. f3 Kf7 24. Rc3 Rd5 25. b4 Nb5 26. Rb3 Nd4 27. Rbb1 Nc2
28. Bb6 R8d7 29. a4 Nd4 30. Rdc1 Ne6 31. Kf2 h5 32. Rc3 g6 33. Rcb3 Nd4 34. R3b2
Ne6 35. Rc1 Ke8 36. Rcb1 Kf7 37. Be3 Nd4 38. Rc1 Ke8 39. Rc4 Kf7 40. f4 Nf5 41.
Bc5 Nd6 42. Rc1 exf4 43. gxf4 f5 44. Kf3 Ne8 45. Bb6 Ng7 46. b5 axb5 47. axb5
Rxb5 48. Rxb5 cxb5 49. Rc5 b4 50. Rb5 Ke6 51. Rxb4 Kd5 52. Bd4 Ne6 53. Be5 Kc5
54. Rc4+ Kb5 55. Rc8 Nd4+ 56. Kf2 Nc6 57. Bc3 Re7 58. Rg8 Re6 59. Kf3 Kc5 60. e4
fxe4+ 61. dxe4 Nd4+ 62. Ke3 Nf5+ 63. Kd3 Nd6 64. Bd4+ Kb4 65. Be5 b5 66. Kd4 Nc4
67. Kd5 Ra6 68. Bc7 Kc3 69. e5 Ne3+ 70. Kc5 b4 71. Kb5 Re6 72. Rc8 Nd5 73. Ba5+
Kd3 74. Rc4 b3 75. Kc5 b2 76. Rd4+ Kc2 77. Rd2+ Kc1 78. Rxb2 Nxf4 79. Bd2+ Kxb2
80. Bxf4 Kc3 81. Kd5 Ra6 82. e6 Kd3 83. e7 Ra8 84. h4 Ke2 85. Ke6 Kf3 86. Bg5
Kg4 87. Kf7 Ra7 88. Kxg6 Ra8 89. Kf7 Ra7 90. Kf8 1-0

[Event "4th London Classic Open"]
[Site "London ENG"]
[Date "2012.12.07"]
[Round "7"]
[White "Britton,R"]
[Black "Hoegener,C"]
[Result "1-0"]
[WhiteTitle "FM"]
[WhiteElo "2233"]
[BlackElo "2037"]
[WhiteFideId "401692"]
[BlackFideId "4000978"]
[EventDate "2012.12.01"]

1. e4 e6 2. d3 d5 3. Nd2 Nf6 4. Ngf3 Be7 5. g3 b6 6. e5 Nfd7 7. Bg2 Bb7 8. O-O
c5 9. c4 d4 10. h4 Qc7 11. Re1 Nc6 12. Qe2 h6 13. h5 O-O-O 14. a3 g5 15. hxg6
fxg6 16. b4 cxb4 17. axb4 Bxb4 18. Ba3 Bxa3 19. Rxa3 Nc5 20. Ne4 Nxe4 21. Qxe4
Qf7 22. Qe2 h5 23. c5 Qe7 24. Rc1 Rd5 25. Ra2 b5 26. Nh4 Qg5 27. Qb2 Rd7 28.
Rca1 Rhh7 29. Qxb5 Rc7 30. Rb2 Qxe5 31. Rxa7 Nd8 32. Nxg6 Qxc5 33. Bxb7+ 1-0

[Event "4th London Classic Open"]
[Site "London ENG"]
[Date "2012.12.07"]
[Round "7"]
[White "Berthier,H"]
[Black "McKerracher,D"]
[Result "1-0"]
[WhiteElo "2220"]
[BlackElo "2034"]
[WhiteFideId "655864"]
[BlackFideId "2401002"]
[EventDate "2012.12.01"]

1. Nf3 f5 2. e4 fxe4 3. Ng5 e5 4. d3 e3 5. Bxe3 Nc6 6. c4 Nf6 7. Be2 Be7 8. O-O
O-O 9. Nf3 d6 10. a3 a5 11. Nc3 Kh8 12. Rb1 d5 13. d4 exd4 14. Nxd4 Nxd4 15.
Bxd4 Bf5 16. Rc1 c5 17. Bxf6 Bxf6 18. Qxd5 Bd4 19. Qxd8 Raxd8 20. Bf3 Bd3 21.
Rfe1 Bxc4 22. Re7 b5 23. a4 b4 24. Ne4 Bd5 25. Nxc5 Bxb2 26. Rb1 Bf6 27. Ra7 Ba2
28. Rf1 Rfe8 29. Bd1 Bc4 30. Bb3 Bxf1 31. Kxf1 Bc3 32. g3 Re1+ 33. Kg2 Rb1 34.
Rxa5 Rb2 35. Bc4 Rf8 36. Nd3 Rd2 37. Nf4 b3 38. Rh5 Rf6 39. Bxb3 Bd4 40. Rd5 h6
41. Rd8+ Kh7 42. Bg8+ Kh8 43. Bc4+ Kh7 44. Bd3+ Rxd3 45. Nxd3 Bb6 46. Rd5 Ba7
47. a5 1-0

[Event "4th London Classic Open"]
[Site "London ENG"]
[Date "2012.12.07"]
[Round "7"]
[White "Bates,C"]
[Black "Carlile,Orison"]
[Result "1-0"]
[WhiteElo "2200"]
[BlackElo "2016"]
[WhiteFideId "414760"]
[BlackFideId "2504120"]
[EventDate "2012.12.01"]

1. e4 e6 2. f4 d5 3. e5 c5 4. Nf3 Nc6 5. c3 Bd7 6. Na3 Nh6 7. Nc2 Be7 8. d3 f6
9. g3 Qc7 10. exf6 gxf6 11. Bg2 O-O-O 12. O-O Nf5 13. Ne3 Nd6 14. f5 d4 15. fxe6
Bxe6 16. cxd4 cxd4 17. Nc2 Nf5 18. Re1 Ng7 19. Bh6 Nf5 20. Bf4 Qd7 21. Rxe6 Qxe6
22. Bh3 Rd5 23. Nh4 Kd8 24. Nxf5 Rxf5 25. Qg4 1-0

[Event "4th London Classic Open"]
[Site "London ENG"]
[Date "2012.12.07"]
[Round "7"]
[White "Marusenko,P"]
[Black "Shepley,J"]
[Result "1-0"]
[WhiteTitle "IM"]
[WhiteElo "2197"]
[BlackElo "2029"]
[WhiteFideId "14100606"]
[BlackFideId "403210"]
[EventDate "2012.12.01"]

1. d4 d6 2. Nf3 Nf6 3. Bf4 c6 4. h3 Bf5 5. c4 Qb6 6. b3 e6 7. e3 Na6 8. a3 Be7
9. Be2 O-O 10. O-O Rad8 11. Nbd2 Ne4 12. Nxe4 Bxe4 13. Ng5 Bxg5 14. Bxg5 f6 15.
Bh4 Qa5 16. b4 Qb6 17. f3 Bg6 18. c5 dxc5 19. bxc5 Qb2 20. Bd3 Nxc5 21. Bxg6
hxg6 22. Qb1 Qxb1 23. Rfxb1 Na4 24. Rxb7 Rf7 25. Rab1 Rdd7 26. Rxd7 Rxd7 27.
Rb8+ Kf7 28. Rc8 e5 29. dxe5 c5 30. exf6 gxf6 31. e4 g5 32. Bg3 Rd3 33. Rc7+ Ke8
34. h4 gxh4 35. Bxh4 Rxa3 36. Bxf6 Rd3 37. Re7+ Kf8 38. Rxa7 1-0

[Event "4th London Classic Open"]
[Site "London ENG"]
[Date "2012.12.07"]
[Round "7"]
[White "Ilfeld,E"]
[Black "Casaschi,Paolo"]
[Result "1/2-1/2"]
[WhiteElo "2191"]
[BlackElo "2005"]
[WhiteFideId "2803470"]
[BlackFideId "824895"]
[EventDate "2012.12.01"]

1. e4 e6 2. d4 d5 3. e5 c5 4. c3 Qb6 5. Nf3 Bd7 6. Be2 Bb5 7. O-O Bxe2 8. Qxe2
Nc6 9. Be3 Nh6 10. dxc5 Bxc5 11. Bxh6 gxh6 12. b4 Bf8 13. b5 Na5 14. Nbd2 Bg7
15. Nd4 Qc7 16. f4 O-O 17. Rf3 Kh8 18. Re1 Rae8 19. Nf1 f5 20. exf6 Rxf6 21. f5
e5 22. Ne6 Rfxe6 23. fxe6 Rxe6 24. Qf2 Kg8 25. Qxa7 Re8 26. Rg3 Rf8 27. Qe3 Kh8
28. Nd2 e4 29. Rf1 Rd8 30. b6 Qe7 31. Nb3 Nxb3 32. axb3 d4 33. Rxg7 Qxg7 34.
cxd4 Rxd4 35. Rf8+ Qxf8 36. Qxd4+ Kg8 37. Qd5+ Kh8 38. Qxb7 Qc5+ 39. Kf1 Qc1+
40. Ke2 Qc2+ 41. Ke3 Qd3+ 42. Kf4 Qd2+ 43. Ke5 Qg5+ 44. Kd6 Qf6+ 45. Kc5 Qf2+
46. Kc4 Qf1+ 47. Kc5 Qf2+ 48. Kb5 Qf1+ 49. Kc6 Qf6+ 50. Kc7 Qf4+ 51. Kc8 Qf8+
52. Kd7 Qf7+ 53. Kc8 Qf8+ 54. Kc7 Qf4+ 55. Kc6 Qf6+ 56. Kc5 Qf2+ 1/2-1/2

[Event "4th London Classic Open"]
[Site "London ENG"]
[Date "2012.12.07"]
[Round "7"]
[White "Semprun Martinez,F"]
[Black "Wan Nawawi,W"]
[Result "1-0"]
[WhiteElo "2183"]
[BlackElo "2001"]
[WhiteFideId "2203170"]
[BlackFideId "5704022"]
[EventDate "2012.12.01"]

1. e4 c5 2. Nf3 d6 3. d4 cxd4 4. Nxd4 Nf6 5. Nc3 a6 6. Bg5 e6 7. f4 Qb6 8. Qd2
Qxb2 9. Rb1 Qa3 10. f5 Nc6 11. fxe6 fxe6 12. Nxc6 bxc6 13. Be2 Be7 14. O-O O-O
15. Rb3 Qc5+ 16. Kh1 Rf7 17. Be3 Qe5 18. Bd4 Qa5 19. e5 Nd5 20. Rxf7 Kxf7 21.
Bh5+ Kg8 22. Qf2 Bd7 23. Nxd5 Qxd5 24. Qf7+ Kh8 25. Qxe7 Qxd4 26. Qxd6 Qxd6 27.
exd6 g6 28. Bf3 Rd8 29. Rb6 Be8 30. c4 c5 31. Rxa6 Kg7 32. a4 Kf6 33. a5 Ke5 34.
Rb6 Rd7 35. a6 Ra7 36. Bb7 Kd4 37. d7 Bxd7 38. Rd6+ Kxc4 39. Rxd7 Kb4 40. Kg1 c4
41. Kf2 c3 42. Ke2 Ka3 43. Kd3 Kb2 44. Rc7 1-0

[Event "4th London Classic Open"]
[Site "London ENG"]
[Date "2012.12.07"]
[Round "7"]
[White "Willmoth,R"]
[Black "Gibson,Ch"]
[Result "1-0"]
[WhiteElo "2164"]
[BlackElo "1975"]
[WhiteFideId "402540"]
[BlackFideId "414697"]
[EventDate "2012.12.01"]

1. Nf3 c5 2. b3 d6 3. d4 cxd4 4. Nxd4 e5 5. Nf3 e4 6. Nd4 d5 7. Bb2 Nf6 8. g3
Nc6 9. Bg2 Bb4+ 10. c3 Bc5 11. O-O O-O 12. Na3 Re8 13. Nac2 Qe7 14. Ne3 Qe5 15.
h3 Nh5 16. Rc1 Nxg3 17. fxg3 Qxg3 18. Nef5 Qg5 19. h4 Qg6 20. e3 Ne5 21. Kh1 Nd3
22. Rc2 Bxd4 23. Nxd4 Bg4 24. Qd2 Qh5 25. Kg1 Re5 26. Ne2 Bxe2 27. Qxe2 Qxh4 28.
Rd1 Rh5 29. Rxd3 Qh2+ 30. Kf1 exd3 31. Qxd3 Re8 32. Rf2 Qe5 33. c4 dxc4 34. Qxc4
Qb5 35. Bd4 b6 36. Qxb5 Rxb5 37. Bc6 Ree5 38. Bxb5 Rxb5 39. Rc2 f6 40. Rc7 a5
41. Ke2 a4 42. bxa4 Rb4 43. Rc2 h5 44. Rb2 Rxa4 45. Bxb6 g5 46. Bd8 Kf7 47. Kf3
h4 48. Rf2 Ra8 49. Rd2 Ra4 50. Rf2 Ra8 51. Bb6 f5 52. Bc5 Ra4 53. a3 Rc4 54. Bb4
Ke6 55. Rb2 g4+ 56. Kf2 f4 57. a4 f3 58. a5 Rc1 59. a6 Ra1 60. Bc5 Kd5 61. Be7
h3 62. Kg3 Rxa6 63. Kxg4 Rh6 64. Kg3 Ke4 65. Bc5 Rg6+ 66. Kxh3 Rh6+ 67. Kg3 Rg6+
68. Kh2 Rh6+ 69. Kg1 Rc6 70. Ba7 Rc1+ 71. Kf2 Rc7 72. Rb4+ Kd5 73. Bb6 Rc6 74.
Kxf3 Ke6 75. Bd4 Rc1 76. Ke4 Rh1 77. Rb6+ 1-0

[Event "4th London Classic Open"]
[Site "London ENG"]
[Date "2012.12.07"]
[Round "7"]
[White "Eriksson,B1"]
[Black "Vachtfeidl,P"]
[Result "1-0"]
[WhiteElo "2154"]
[BlackElo "1945"]
[WhiteFideId "1702777"]
[BlackFideId "315028"]
[EventDate "2012.12.01"]

1. e4 c5 2. Nf3 d6 3. d4 cxd4 4. Nxd4 Nf6 5. Nc3 e6 6. Be3 a6 7. Qd2 b5 8. f3
Nbd7 9. O-O-O Bb7 10. Qf2 Rc8 11. Kb1 b4 12. Na4 d5 13. Nb3 Qc7 14. Nb6 Nxb6 15.
Bxb6 Qb8 16. Nc5 Bd6 17. g4 h6 18. h4 Ke7 19. Bd3 dxe4 20. Nxe4 Nxe4 21. fxe4 f6
22. Be3 a5 23. g5 hxg5 24. hxg5 Rxh1 25. Rxh1 Rh8 26. Rf1 Be5 27. Bc5+ Kf7 28.
Rg1 Rh2 29. g6+ Kg8 30. Qe3 Bc6 31. Bc4 Bd7 32. a3 Qc8 33. axb4 axb4 34. Bb3 Qb7
35. Qd3 Rh4 36. Rd1 1-0

[Event "4th London Classic Open"]
[Site "London ENG"]
[Date "2012.12.07"]
[Round "7"]
[White "Pauw,M"]
[Black "Sayers,R"]
[Result "1/2-1/2"]
[WhiteElo "2011"]
[BlackElo "2153"]
[WhiteFideId "1008447"]
[BlackFideId "404870"]
[EventDate "2012.12.01"]

1. e4 g6 2. d4 Bg7 3. Nc3 c6 4. Nf3 d5 5. h3 dxe4 6. Nxe4 Nh6 7. Bd3 O-O 8. O-O
Nf5 9. c3 Qc7 10. Re1 Nd7 11. Qe2 Nf6 12. Nxf6+ Bxf6 13. Bg5 Kg7 14. Bxf6+ exf6
15. Bc4 Bd7 16. Bb3 Qf4 17. Qd2 Qxd2 18. Nxd2 Rfe8 19. Ne4 Be6 20. Nc5 Bxb3 21.
axb3 b6 22. Nd3 Kf8 23. Kf1 Rxe1+ 24. Rxe1 1/2-1/2

[Event "4th London Classic Open"]
[Site "London ENG"]
[Date "2012.12.07"]
[Round "7"]
[White "Maduekwe,C"]
[Black "Phillips,O"]
[Result "1-0"]
[WhiteElo "2151"]
[BlackElo "1926"]
[WhiteFideId "8500118"]
[BlackFideId "417882"]
[EventDate "2012.12.01"]

1. c4 g6 2. d4 Bg7 3. e4 c5 4. d5 e5 5. Nc3 d6 6. Bd3 Nd7 7. Nge2 Ndf6 8. f3 Ne7
9. Bg5 h6 10. Be3 O-O 11. Qd2 Kh7 12. g4 Bxg4 13. fxg4 Nxg4 14. O-O-O Bf6 15.
Kb1 Nxe3 16. Qxe3 Bg5 17. Qg3 Ng8 18. h4 Be7 19. h5 g5 20. Rdf1 Bf6 21. Rf5 Bg7
22. Rhf1 f6 23. Qg2 a6 24. Ng3 Rb8 25. Qe2 b6 26. Bc2 Ne7 27. R5f2 Qc8 28. Ba4
Rb7 29. Nf5 Nxf5 30. Rxf5 Qd8 31. Bc6 Rc7 32. Qd1 Rcf7 33. Qa4 a5 34. Qb5 Qc7
35. R1f3 Rb8 36. Na4 Rff8 37. Bd7 Rb7 38. Be6 Qe7 39. Ra3 Rfb8 40. Nc3 Qf8 41.
Qb3 Qe8 42. Qd1 Re7 43. Rb3 Qd8 44. Qg4 a4 45. Nxa4 b5 46. Rxb5 Rxb5 47. cxb5
Qa5 48. Nc3 Qb4 49. Rf1 c4 50. Qf5+ Kh8 51. Qg6 Qc5 52. Bf5 Kg8 53. Qh7+ Kf8 54.
Be6 Rxe6 55. dxe6 Qe3 56. Rxf6+ 1-0

[Event "4th London Classic Open"]
[Site "London ENG"]
[Date "2012.12.07"]
[Round "7"]
[White "Ociepka,A"]
[Black "Saikhanzaya,Ganbaatar"]
[Result "1-0"]
[WhiteElo "2143"]
[BlackElo "1924"]
[WhiteFideId "1141937"]
[BlackFideId "4900030"]
[EventDate "2012.12.01"]

1. d4 d5 2. c4 c6 3. Nf3 Nf6 4. Nc3 e6 5. Bg5 dxc4 6. e4 b5 7. e5 h6 8. Bh4 g5
9. Nxg5 hxg5 10. Bxg5 Nbd7 11. exf6 Qb6 12. g3 Bb7 13. Bg2 O-O-O 14. O-O c5 15.
d5 b4 16. Na4 Qb5 17. a3 Nb8 18. axb4 cxb4 19. Qd4 Nc6 20. dxc6 Rxd4 21. cxb7+
Kc7 22. Be3 Bc5 23. Nxc5 Qxc5 24. Ra6 e5 25. Rc1 Rhd8 26. Bxd4 exd4 27. Rc6+
Qxc6 28. Bxc6 c3 29. bxc3 bxc3 30. Be4 Re8 31. f3 a5 32. Kf2 Re6 33. Ke2 Rxf6
34. Kd3 Rd6 35. Ra1 Ra6 36. Ra4 f5 37. Rc4+ 1-0

[Event "4th London Classic Open"]
[Site "London ENG"]
[Date "2012.12.07"]
[Round "7"]
[White "Quinn,Joh"]
[Black "Othman,Mustapha"]
[Result "1/2-1/2"]
[WhiteElo "2127"]
[BlackElo "1865"]
[WhiteFideId "405043"]
[BlackFideId "8500797"]
[EventDate "2012.12.01"]

1. d4 d5 2. c4 e6 3. Nc3 Nf6 4. Bg5 Be7 5. e3 O-O 6. Nf3 c5 7. dxc5 dxc4 8. Qa4
Qc7 9. Qxc4 Qxc5 10. Qxc5 Bxc5 11. Bd3 Nc6 12. a3 Bd7 13. Rc1 Rac8 14. O-O Rfd8
15. Rfd1 Be7 16. Bb1 h6 17. Bf4 Na5 18. Ba2 Nc4 19. Bxc4 Rxc4 20. Ne5 Rcc8 21.
Nxd7 Rxd7 22. Rxd7 Nxd7 23. Kf1 Bf6 24. Ke2 Bxc3 25. Rxc3 Rxc3 26. bxc3 e5 27.
Bg3 f6 28. c4 Kf7 29. f3 b6 30. Be1 Ke6 31. Kd3 a5 32. e4 Kd6 33. Bf2 Kc6 34.
Kc3 Nf8 35. Bg1 Ng6 36. g3 Nf8 37. Bf2 Ne6 38. Be3 g5 39. g4 Nf8 40. Bf2 Ng6 41.
Bg3 Nf8 42. Bf2 Ne6 43. Be3 Nc5 44. Bxc5 Kxc5 45. a4 Kd6 46. Kd2 Ke7 47. Kd3 Kd7
48. Kd2 Kd6 49. Kd3 Kc6 50. Kc2 Kb7 51. Kb3 Kc6 52. Kc2 1/2-1/2

[Event "4th London Classic Open"]
[Site "London ENG"]
[Date "2012.12.07"]
[Round "7"]
[White "Baterdene,Tsogbayar"]
[Black "Healeas,Simon"]
[Result "0-1"]
[WhiteElo "1673"]
[BlackElo "1803"]
[WhiteFideId "4901592"]
[BlackFideId "419320"]
[EventDate "2012.12.01"]

1. e4 e5 2. Nf3 Nf6 3. Nxe5 d6 4. Nf3 Nxe4 5. Nc3 Nxc3 6. dxc3 Be7 7. Bf4 O-O 8.
Qd2 Nc6 9. O-O-O Bf5 10. h4 Bf6 11. Bd3 Qd7 12. h5 Rae8 13. Rdg1 Ne5 14. Bxf5
Qxf5 15. Nd4 Qd7 16. g4 c5 17. Nf5 Nf3 18. Qxd6 Qa4 19. Kb1 Nxg1 20. Rxg1 Rd8
21. Qc7 Rc8 22. Qd6 Rc6 23. Qd2 Ra6 24. a3 Rd8 25. Qe3 Re6 26. Qc1 Re4 27. Bc7
Rd7 28. g5 Bxc3 29. g6 Bd2 30. gxh7+ Kh8 31. Qf1 Re1+ 32. Qxe1 Bxe1 33. Rxe1
Rxc7 34. Nd6 Kxh7 35. Nf5 Rd7 36. Ne3 Qf4 37. Rf1 Rd2 38. Ka2 Rxf2 39. Re1 Rf3
40. Ng2 Qc4+ 0-1

[Event "4th London Classic Open"]
[Site "London ENG"]
[Date "2012.12.07"]
[Round "7"]
[White "Wheldon,P"]
[Black "Baasansuren,Erdene"]
[Result "1/2-1/2"]
[WhiteElo "2103"]
[BlackElo "1795"]
[WhiteFideId "407402"]
[BlackFideId "4902084"]
[EventDate "2012.12.01"]

1. Nf3 d5 2. b3 e6 3. Bb2 Nf6 4. g3 Be7 5. Bg2 O-O 6. O-O b6 7. Ne5 Bb7 8. c4
Nbd7 9. d4 c5 10. e3 Rc8 11. Nc3 a6 12. Rc1 Ne4 13. Nxd7 Nxc3 14. Bxc3 Qxd7 15.
dxc5 bxc5 16. Qg4 g6 17. cxd5 Bxd5 18. Bxd5 Qxd5 19. Rfd1 Qc6 20. Qf4 Rfd8 21.
Bf6 Qb7 22. Bxe7 Qxe7 23. Qc4 Rc6 24. Rxd8+ Qxd8 25. b4 Qc7 26. a4 Qb6 27. b5
axb5 28. Qxb5 Qc7 29. Rc4 Qc8 30. a5 h5 31. h4 Kh7 32. Qb2 Qa6 33. Rf4 Rc7 34.
Qc3 Qb5 35. g4 c4 36. gxh5 Qxh5 37. a6 Qb5 1/2-1/2

[Event "4th London Classic Open"]
[Site "London ENG"]
[Date "2012.12.07"]
[Round "7"]
[White "Pleininger,R"]
[Black "Farrand,T"]
[Result "0-1"]
[WhiteElo "1997"]
[BlackElo "2200"]
[WhiteFideId "1305999"]
[BlackFideId "406457"]
[EventDate "2012.12.01"]

1. e4 c5 2. Nc3 e6 3. f4 a6 4. Nf3 Nc6 5. d4 cxd4 6. Nxd4 Qc7 7. Nb3 b5 8. a3 d6
9. Be3 Nf6 10. Be2 Be7 11. Qd2 O-O 12. O-O Nd7 13. Rf3 Nb6 14. Rg3 Nc4 15. Bxc4
bxc4 16. Nd4 Rb8 17. Nxc6 Qxc6 18. f5 f6 19. Bd4 Bd8 20. fxe6 Bxe6 21. Rf1 Bb6
22. Kh1 Bxd4 23. Qxd4 Qb6 24. Qd2 Qxb2 25. Qxd6 Qb6 26. Qd2 Qa5 27. Qd6 Qb6 28.
Qd2 Rbd8 29. Nd5 Bxd5 30. exd5 Qd6 31. Rg4 Qxd5 32. Qxd5+ Rxd5 33. Rxc4 Re8 34.
Rc6 a5 35. c4 Rd3 36. Rc1 Rxa3 37. Rd6 Rc3 38. Rdd1 Rxc1 39. Rxc1 a4 40. Kg1 Kf7
41. Kf2 a3 42. Ra1 Ra8 43. Ra2 Ke6 44. Ke3 Kd6 45. Kd4 Ra4 46. Kc3 Kc5 47. Kb3
Ra7 48. Kc3 f5 49. Kb3 g5 50. Kc3 f4 51. Kb3 g4 52. Kc3 f3 53. gxf3 gxf3 54. Kb3
Re7 55. Rc2 Re3+ 56. Ka4 Re2 57. Rc1 a2 58. Ka3 f2 59. Rf1 Re1 60. Rxf2 a1=Q+
61. Ra2 Qc3+ 62. Ka4 Qb4# 0-1

[Event "4th London Classic Open"]
[Site "London ENG"]
[Date "2012.12.07"]
[Round "7"]
[White "Williamson,R"]
[Black "Casiot,D"]
[Result "1-0"]
[WhiteElo "2177"]
[BlackElo "1991"]
[WhiteFideId "414620"]
[BlackFideId "405973"]
[EventDate "2012.12.01"]

1. e4 e5 2. Nf3 Nc6 3. Bb5 a6 4. Ba4 Nf6 5. O-O b5 6. Bb3 Be7 7. d4 Nxd4 8. Nxd4
exd4 9. e5 Ng8 10. Qf3 d5 11. Bxd5 f6 12. Bxa8 1-0

[Event "4th London Classic Open"]
[Site "London ENG"]
[Date "2012.12.07"]
[Round "7"]
[White "Harari,Z"]
[Black "Kreuzer,C"]
[Result "1/2-1/2"]
[WhiteElo "2143"]
[BlackElo "1977"]
[WhiteFideId "2002639"]
[BlackFideId "470589"]
[EventDate "2012.12.01"]

1. e4 c5 2. Nf3 d6 3. d4 cxd4 4. Qxd4 Nf6 5. h3 Nc6 6. Qe3 e6 7. c4 Be7 8. Nc3
O-O 9. Be2 d5 10. cxd5 exd5 11. exd5 Nxd5 12. Nxd5 Qxd5 13. O-O Bc5 14. Qf4 Qf5
15. Qc7 Bb6 16. Qg3 Re8 17. Bd1 Be6 18. Qh4 Bd5 19. Bd2 Re6 20. Rc1 Rg6 21. Rc3
Bd8 22. Bc2 Bxf3 23. Bxf5 Rxg2+ 24. Kh1 Rxf2+ 25. Rxf3 Rxf1+ 26. Rxf1 Bxh4 27.
Bc3 Bg3 28. Be4 Re8 29. Bd5 Nd8 30. Rg1 Re3 31. Rd1 Kf8 32. Bd4 Re1+ 33. Rxe1
Bxe1 34. Bxa7 Ba5 35. Bc5+ Ke8 36. b4 Bc7 37. b5 Kd7 38. a4 Ne6 39. Bb4 b6 40.
Bc6+ Kd8 41. Kg1 Nd4 42. Be4 f5 43. Bd3 g6 44. Kf2 Kd7 45. Ke3 Ne6 46. Bc4 Bd6
47. Bc3 Bc5+ 48. Kf3 Ng5+ 49. Kg2 Ne4 50. Be5 g5 51. Bd5 Bd6 52. Bd4 Nc5 53.
Bxc5 Bxc5 54. Bf7 Kd6 55. Kf3 Ke5 56. Be8 Bb4 57. Bf7 Kf6 58. Be8 Ke7 59. Bh5
Ba3 60. Ke3 Bc1+ 61. Kf3 Kd6 62. Be8 Ke5 63. Bh5 Kd4 64. Be8 Kc4 65. Bd7 Kb4 66.
Bxf5 Kxa4 67. Bxh7 Kxb5 68. Kg4 Kc5 1/2-1/2

[Event "4th London Classic Open"]
[Site "London ENG"]
[Date "2012.12.07"]
[Round "7"]
[White "Millward,K"]
[Black "Gregory,P"]
[Result "0-1"]
[WhiteElo "1969"]
[BlackElo "2071"]
[WhiteFideId "404721"]
[BlackFideId "407852"]
[EventDate "2012.12.01"]

1. g3 d5 2. Bg2 Nf6 3. f4 g6 4. Nf3 Bg7 5. O-O c5 6. d3 O-O 7. h3 Nc6 8. c3 Qc7
9. Qe1 e5 10. Nxe5 Nxe5 11. fxe5 Qxe5 12. Bf4 Qe7 13. Qf2 Nh5 14. Bxd5 Nxf4 15.
gxf4 Bxh3 16. Re1 Be6 17. Bg2 Rad8 18. Nd2 Rd7 19. Ne4 Rc8 20. Ng5 b5 21. Qf3
Rcd8 22. Nxe6 fxe6 23. Rac1 b4 24. cxb4 cxb4 25. Bh3 Bxb2 26. Qe4 Bxc1 27. Bxe6+
Kf8 28. Rxc1 Rd6 29. Rc6 Rxc6 30. Qxc6 Qd6 31. Qc4 Qd4+ 32. Kg2 Qxc4 33. Bxc4 a5
34. Bb3 Rc8 35. Kf3 Rc3 36. Ke3 h5 37. Kd2 h4 38. Bd5 h3 39. a4 h2 40. Bf3 Rc7
41. Be4 b3 0-1